000
00312nam a2200133Ia 4500
005
20251222144910.0
008
251222s9999||||xx |||||||||||||| ||spa||
020
_a
84-8130-121-3
082
_a
828.92/H97
100
_a
Huxley, Aldous Leonard
245
0
_a
Un Mundo Feliz
264
_b
El Comercio
942
_c
LIB
999
_c
22299
_d
22299